Central Library, Doon University
WEBOPAC (ONLINE PUBLIC ACCESS CATALOGUE)

Introduction to Intellectual Property Rights (Record no. 60077)

MARC details
000 -LEADER
fixed length control field 00466nam a22001817a 4500
005 - DATE & TIME
control field 20260123131627.0
008 - FIXED-LENGTH DATA ELEMENTS--GENERAL INFORMATION
fixed length control field 260123b |||||||| |||| 00| 0 eng d
020 ## - ISBN
International Standard Book Number 9788120417977
Price 475.00
040 ## - CATALOGING SOURCE
Original cataloging agency Doon University
041 ## - Language
Language English
082 ## - DDC NUMBER
Classification number 333.95316
Book Number CHA
100 ## - MAIN ENTRY--PERSONAL NAME
Personal name Chawla, H.S.
245 ## - TITLE STATEMENT
Title Introduction to Intellectual Property Rights
260 ## - PUBLICATION, DISTRIBUTION, ETC. (IMPRINT)
Place of publication, distribution, etc New Delhi
Name of publisher, distributor, etc CBS
Date of publication, distribution, etc 2023
300 ## - PHYSICAL DESCRIPTION
Pages 296
650 ## - Subject
Subject Environment Science
942 ## - ADDED ENTRY ELEMENTS (KOHA)
Koha item type Books
100 ## - MAIN ENTRY--PERSONAL NAME
-- 26034
650 ## - Subject
-- 310
952 ## - LOCATION AND ITEM INFORMATION (KOHA)
-- 2026-01-23
952 ## - LOCATION AND ITEM INFORMATION (KOHA)
-- 2026-01-23
952 ## - LOCATION AND ITEM INFORMATION (KOHA)
-- 2026-01-23
Holdings
Withdrawn status Lost status Source of classification or shelving scheme Damaged status Not for loan Location (home branch) Sublocation or collection (holding branch) Date acquired Koha issues (times borrowed) Koha full call number Accession No. Koha date last seen Koha item type
          Doon University Doon University 23.01.2026   333.95316 CHA 51799 23.01.2026 Books
          Doon University Doon University 23.01.2026   333.95316 CHA 51800 23.01.2026 Books
          Doon University Doon University 23.01.2026   333.95316 CHA 51801 23.01.2026 Books
Contact : +91-135-2533126 (Library),+91-135-2533105 (Admin Office) , Email : doonlibrary@gmail.com

Powered by Koha